000 00430nam a2200181Ia 4500
001 19574
005 20260306172703.0
008 260306t2018||||xx |||||||||||||| ||spa||
041 _aESP
082 _a340.7
_bC75 Nº 2
100 _aLanda Arroyo, César
_eAUT
245 0 _aLos derechos fundamentales
260 _c2018
300 _a196 páginas :
_c20 cm.
650 _aGEN
654 _aCDE
942 _cLIB
_dJUS
_fJUS
_2ddc
_n
999 _c19574
_d19574